[Event "World Chess Olympiad 2018"]
[Site "Batumi"]
[Date "2018.09.25"]
[Round "2"]
[Board "3"]
[WhiteFideId "4701178"]
[White "Pasko Llambi"]
[BlackFideId "712779"]
[Black "Gledura Benjamin"]
[Result "1/2-1/2"]
[LiveChessVersion "1.4.8"]
[BlackElo "2621"]
[WhiteElo "2386"]

1. d4 {[%clk 1:24:46]} Nf6 {[%clk 1:30:45]} 2. Nf3 {[%clk 1:24:43]} g6
{[%clk 1:30:59]} 3. g3 {[%clk 1:23:58]} Bg7 {[%clk 1:30:37]} 4. Bg2
{[%clk 1:22:52]} c6 {[%clk 1:29:06]} 5. c4 {[%clk 1:22:11]} O-O {[%clk 1:28:05]}
6. O-O {[%clk 1:20:25]} d6 {[%clk 1:28:13]} 7. Nc3 {[%clk 1:19:37]} Nbd7
{[%clk 1:28:34]} 8. Qc2 {[%clk 1:17:24]} e5 {[%clk 1:28:47]} 9. Rd1
{[%clk 1:17:42]} Re8 {[%clk 1:27:51]} 10. b3 {[%clk 1:12:08]} Qe7
{[%clk 1:20:13]} 11. Rb1 {[%clk 1:07:27]} exd4 {[%clk 1:12:16]} 12. Nxd4
{[%clk 1:06:38]} Nc5 {[%clk 1:12:21]} 13. Bf4 {[%clk 1:04:58]} Nfe4
{[%clk 1:09:59]} 14. Nxe4 {[%clk 1:02:41]} Nxe4 {[%clk 1:10:15]} 15. f3
{[%clk 0:56:02]} Nc5 {[%clk 1:08:34]} 16. e4 {[%clk 0:55:46]} Bxd4+
{[%clk 1:03:49]} 17. Rxd4 {[%clk 0:55:41]} Ne6 {[%clk 1:04:14]} 18. Rd3
{[%clk 0:53:30]} Nxf4 {[%clk 1:03:21]} 19. gxf4 {[%clk 0:53:55]} Be6
{[%clk 1:02:57]} 20. Re1 {[%clk 0:50:16]} Rad8 {[%clk 1:02:43]} 21. Qf2
{[%clk 0:45:08]} Qf6 {[%clk 0:55:18]} 22. Qd2 {[%clk 0:42:37]} d5
{[%clk 0:54:33]} 23. cxd5 {[%clk 0:38:43]} cxd5 {[%clk 0:54:40]} 24. exd5
{[%clk 0:23:21]} Bf5 {[%clk 0:54:10]} 25. Rxe8+ {[%clk 0:23:45]} Rxe8
{[%clk 0:54:35]} 26. Rd4 {[%clk 0:24:09]} Re2 {[%clk 0:38:08]} 27. Qxe2
{[%clk 0:23:56]} Qxd4+ {[%clk 0:38:32]} 28. Qf2 {[%clk 0:24:06]} Qd1+
{[%clk 0:35:25]} 29. Bf1 {[%clk 0:24:11]} Bd3 {[%clk 0:29:56]} 30. Kg2
{[%clk 0:23:07]} Bxf1+ {[%clk 0:30:16]} 31. Qxf1 {[%clk 0:23:36]} Qxd5
{[%clk 0:30:36]} 32. Qe2 {[%clk 0:23:55]} Kg7 {[%clk 0:29:22]} 33. Qe7
{[%clk 0:22:01]} h6 {[%clk 0:27:02]} 34. h4 {[%clk 0:21:06]} a5 {[%clk 0:26:03]}
35. Kg3 {[%clk 0:18:31]} b5 {[%clk 0:24:45]} 36. Qa7 {[%clk 0:17:49]} b4
{[%clk 0:24:45]} 37. Qe3 {[%clk 0:15:49]} Qd6 {[%clk 0:23:01]} 38. Kg2
{[%clk 0:07:01]} Qf6 {[%clk 0:23:07]} 39. Kg3 {[%clk 0:07:27]} Qb2
{[%clk 0:22:13]} 40. Qc5 {[%clk 0:37:20]} Qxa2 {[%clk 0:50:31]} 41. Qd4+
{[%clk 0:37:42]} Kh7 {[%clk 0:50:50]} 42. Qd5 {[%clk 0:38:10]} Qb2
{[%clk 0:49:13]} 43. Qxf7+ {[%clk 0:38:23]} Qg7 {[%clk 0:49:37]} 44. Qd5
{[%clk 0:37:41]} Qc7 {[%clk 0:50:00]} 45. Qe6 {[%clk 0:25:46]} Kg7
{[%clk 0:46:06]} 46. Qd5 {[%clk 0:23:28]} h5 {[%clk 0:43:40]} 47. Qe6
{[%clk 0:23:40]} Qc5 {[%clk 0:43:40]} 48. Qd7+ {[%clk 0:23:11]} Kf6
{[%clk 0:44:03]} 49. Qd8+ {[%clk 0:22:47]} Kf7 {[%clk 0:40:10]} 50. Qd7+
{[%clk 0:23:06]} Kg8 {[%clk 0:38:43]} 51. Qd8+ {[%clk 0:22:27]} Qf8
{[%clk 0:38:49]} 52. Qxa5 {[%clk 0:22:32]} Qd6 {[%clk 0:38:41]} 53. Qe5
{[%clk 0:19:11]} Qd1 {[%clk 0:36:31]} 54. Qe8+ {[%clk 0:15:47]} Kg7
{[%clk 0:36:16]} 55. Qe7+ {[%clk 0:15:23]} Kh6 {[%clk 0:30:54]} 56. f5
{[%clk 0:14:06]} Qg1+ {[%clk 0:28:59]} 57. Kf4 {[%clk 0:14:12]} Qd4+
{[%clk 0:26:20]} 58. Qe4 {[%clk 0:13:57]} Qf2 {[%clk 0:26:12]} 59. f6
{[%clk 0:06:41]} Qb2 {[%clk 0:17:43]} 60. Qe7 {[%clk 0:05:46]} Qd4+
{[%clk 0:18:06]} 61. Kg3 {[%clk 0:02:47]} Qg1+ {[%clk 0:18:25]} 1/2-1/2

[Event "World Chess Olympiad 2018"]
[Site "Batumi"]
[Date "2018.09.25"]
[Round "2"]
[Board "4"]
[WhiteFideId "718572"]
[White "Berkes Ferenc"]
[BlackFideId "4700066"]
[Black "Ashiku Franc"]
[Result "1-0"]
[LiveChessVersion "1.4.8"]
[BlackElo "2373"]
[WhiteElo "2678"]

1. d4 {[%clk 1:30:53]} f5 {[%clk 1:25:03]} 2. g3 {[%clk 1:25:29]} Nf6
{[%clk 1:23:14]} 3. Bg2 {[%clk 1:25:52]} d6 {[%clk 1:21:46]} 4. Nh3
{[%clk 1:22:32]} g6 {[%clk 1:21:38]} 5. O-O {[%clk 1:22:47]} Bg7 {[%clk 1:21:46]}
6. c3 {[%clk 1:22:56]} e6 {[%clk 1:18:50]} 7. Nd2 {[%clk 1:19:33]} O-O
{[%clk 1:12:05]} 8. e4 {[%clk 1:18:32]} Nc6 {[%clk 1:08:06]} 9. exf5
{[%clk 1:12:45]} gxf5 {[%clk 1:07:40]} 10. Nf4 {[%clk 1:08:23]} Qe8
{[%clk 1:03:16]} 11. Re1 {[%clk 0:54:32]} e5 {[%clk 1:01:28]} 12. dxe5
{[%clk 0:52:45]} dxe5 {[%clk 0:58:33]} 13. Nc4 {[%clk 0:52:54]} e4
{[%clk 0:52:26]} 14. Qb3 {[%clk 0:50:28]} Kh8 {[%clk 0:44:31]} 15. Be3
{[%clk 0:50:16]} b6 {[%clk 0:42:12]} 16. Rad1 {[%clk 0:50:01]} Ne5
{[%clk 0:33:44]} 17. Nxe5 {[%clk 0:49:20]} Qxe5 {[%clk 0:34:08]} 18. Bd4
{[%clk 0:35:18]} Qe7 {[%clk 0:20:31]} 19. f3 {[%clk 0:34:24]} Bb7
{[%clk 0:17:14]} 20. fxe4 {[%clk 0:32:07]} fxe4 {[%clk 0:14:36]} 21. Ne6
{[%clk 0:32:28]} c5 {[%clk 0:12:31]} 22. Be5 {[%clk 0:26:10]} Rfe8
{[%clk 0:09:50]} 23. Bh3 {[%clk 0:19:57]} Nh5 {[%clk 0:07:27]} 24. Rd7
{[%clk 0:16:17]} Qxd7 {[%clk 0:05:50]} 25. Nxg7 {[%clk 0:16:38]} Qe7
{[%clk 0:03:15]} 26. Ne6+ {[%clk 0:13:49]} Nf6 {[%clk 0:03:41]} 27. Rf1
{[%clk 0:07:21]} Rf8 {[%clk 0:04:03]} 28. Qd1 {[%clk 0:07:45]} Rf7
{[%clk 0:01:10]} 29. Qh5 {[%clk 0:06:52]} Raf8 {[%clk 0:00:41]} 30. Nxf8 1-0

[Event "World Chess Olympiad 2018"]
[Site "Batumi"]
[Date "2018.09.25"]
[Round "2"]
[Board "1"]
[WhiteFideId "3609677"]
[White "Barros Rivadeneira Cristhian"]
[BlackFideId "1900072"]
[Black "Galego Luis"]
[Result "0-1"]
[LiveChessVersion "1.4.8"]
[BlackElo "2471"]
[WhiteElo "2345"]

1. e4 {[%clk 1:30:53]} c5 {[%clk 1:28:59]} 2. Nf3 {[%clk 1:31:11]} e6
{[%clk 1:28:52]} 3. d4 {[%clk 1:31:13]} cxd4 {[%clk 1:29:14]} 4. Nxd4
{[%clk 1:31:32]} a6 {[%clk 1:29:39]} 5. Bd3 {[%clk 1:29:49]} Qb6 {[%clk 1:28:35]}
6. c3 {[%clk 1:18:41]} d6 {[%clk 1:28:56]} 7. O-O {[%clk 1:17:31]} Nf6
{[%clk 1:29:18]} 8. Nd2 {[%clk 1:16:15]} Be7 {[%clk 1:29:19]} 9. Qe2
{[%clk 1:12:47]} O-O {[%clk 1:29:07]} 10. e5 {[%clk 1:02:48]} dxe5
{[%clk 1:27:17]} 11. Nc4 {[%clk 1:03:00]} Qc7 {[%clk 1:26:56]} 12. Nxe5
{[%clk 1:02:49]} Nbd7 {[%clk 1:23:59]} 13. f4 {[%clk 0:58:13]} Bd6
{[%clk 1:20:39]} 14. Ndf3 {[%clk 0:52:03]} b5 {[%clk 1:19:03]} 15. Bd2
{[%clk 0:50:16]} Bb7 {[%clk 1:18:36]} 16. Rae1 {[%clk 0:43:20]} Rad8
{[%clk 1:16:37]} 17. Bb1 {[%clk 0:40:23]} Nc5 {[%clk 1:10:59]} 18. Kh1
{[%clk 0:35:15]} Be4 {[%clk 1:05:30]} 19. Be3 {[%clk 0:21:39]} Bxb1
{[%clk 1:03:00]} 20. Rxb1 {[%clk 0:22:04]} Nd5 {[%clk 1:01:22]} 21. g3
{[%clk 0:16:33]} Nxe3 {[%clk 0:57:45]} 22. Qxe3 {[%clk 0:16:56]} Bxe5
{[%clk 0:57:43]} 23. Nxe5 {[%clk 0:17:11]} Rd5 {[%clk 0:54:42]} 24. Rbd1
{[%clk 0:12:23]} Rfd8 {[%clk 0:54:26]} 25. Qe2 {[%clk 0:08:50]} Na4
{[%clk 0:46:26]} 26. Rxd5 {[%clk 0:08:17]} Rxd5 {[%clk 0:46:49]} 27. Rf2
{[%clk 0:07:07]} Nb6 {[%clk 0:42:51]} 28. Kg2 {[%clk 0:06:36]} g6
{[%clk 0:41:30]} 29. Qe4 {[%clk 0:05:27]} Nd7 {[%clk 0:32:39]} 30. Nf3
{[%clk 0:02:27]} Nf6 {[%clk 0:30:52]} 31. Qe2 {[%clk 0:01:21]} Qb6
{[%clk 0:28:53]} 32. Ne5 {[%clk 0:00:49]} Nd7 {[%clk 0:26:57]} 33. Nf3
{[%clk 0:00:55]} Nc5 {[%clk 0:25:53]} 34. Ne5 Qd6 {[%clk 0:25:31]} 35. b3
{[%clk 0:00:34]} Nd3 {[%clk 0:23:53]} 36. c4 {[%clk 0:00:47]} Rd4
{[%clk 0:22:15]} 37. Nxd3 {[%clk 0:00:41]} Rxd3 {[%clk 0:22:40]} 38. cxb5
{[%clk 0:00:44]} Qd5+ {[%clk 0:22:50]} 39. Kh3 {[%clk 0:00:49]} axb5
{[%clk 0:23:14]} 40. Qc2 {[%clk 0:30:38]} h5 {[%clk 0:49:23]} 41. a4
{[%clk 0:26:30]} h4 {[%clk 0:42:39]} 42. axb5 {[%clk 0:25:39]} hxg3
{[%clk 0:34:45]} 43. hxg3 {[%clk 0:26:03]} Qh1+ {[%clk 0:30:12]} 44. Rh2
{[%clk 0:24:49]} Qf3 {[%clk 0:30:38]} 45. Qf2 {[%clk 0:24:37]} Qh5+
{[%clk 0:31:03]} 46. Kg2 {[%clk 0:25:03]} Qd5+ {[%clk 0:31:29]} 47. Kh3
{[%clk 0:25:18]} Qxb5 {[%clk 0:31:38]} 48. Qe2 {[%clk 0:20:07]} Qxb3
{[%clk 0:31:04]} 49. Rg2 {[%clk 0:17:41]} Rd5 {[%clk 0:30:01]} 50. Rf2
{[%clk 0:17:48]} Rd3 {[%clk 0:26:23]} 51. Rg2 {[%clk 0:17:57]} Qd5
{[%clk 0:24:36]} 52. Rf2 {[%clk 0:18:06]} Ra3 {[%clk 0:19:54]} 53. Kh2
{[%clk 0:16:52]} Ra1 {[%clk 0:18:03]} 54. Qf3 {[%clk 0:16:03]} Ra2
{[%clk 0:16:42]} 55. Qe3 {[%clk 0:16:08]} Qh5+ {[%clk 0:16:26]} 56. Kg2
{[%clk 0:10:29]} Ra1 {[%clk 0:15:44]} 57. Rf1 {[%clk 0:10:52]} Qd5+
{[%clk 0:15:45]} 58. Kg1 {[%clk 0:11:15]} Ra2 {[%clk 0:15:12]} 59. Rf2
{[%clk 0:09:40]} Qd1+ {[%clk 0:15:35]} 60. Kh2 {[%clk 0:10:01]} Ra5
{[%clk 0:12:38]} 61. Kg2 {[%clk 0:10:06]} Ra1 {[%clk 0:12:36]} 0-1

[Event "World Chess Olympiad 2018"]
[Site "Batumi"]
[Date "2018.09.25"]
[Round "2"]
[Board "3"]
[WhiteFideId "3600734"]
[White "Munoz Sanchez Miguel"]
[BlackFideId "1909991"]
[Black "Martins David Pires Tavares"]
[Result "0-1"]
[LiveChessVersion "1.4.8"]
[BlackElo "2402"]
[WhiteElo "2254"]

1. d4 {[%clk 1:30:56]} d6 {[%clk 1:30:47]} 2. e4 {[%clk 1:31:12]} Nf6
{[%clk 1:31:05]} 3. Nc3 {[%clk 1:31:38]} e5 {[%clk 1:31:10]} 4. Nf3
{[%clk 1:29:46]} Nbd7 {[%clk 1:31:28]} 5. Bc4 {[%clk 1:29:07]} Be7
{[%clk 1:31:50]} 6. O-O {[%clk 1:29:14]} O-O {[%clk 1:32:14]} 7. Bg5
{[%clk 1:24:51]} Re8 {[%clk 1:26:41]} 8. dxe5 {[%clk 1:21:07]} dxe5
{[%clk 1:26:30]} 9. Qe2 {[%clk 1:19:03]} c6 {[%clk 1:26:48]} 10. a4
{[%clk 1:18:54]} b6 {[%clk 1:21:00]} 11. Rfd1 {[%clk 1:18:02]} Qc7
{[%clk 1:21:04]} 12. Nh4 {[%clk 1:15:04]} g6 {[%clk 1:13:45]} 13. Qf3
{[%clk 1:09:18]} Kg7 {[%clk 1:13:15]} 14. h3 {[%clk 1:05:33]} Nc5
{[%clk 1:09:48]} 15. Qe3 {[%clk 0:57:23]} Be6 {[%clk 1:09:01]} 16. Bh6+
{[%clk 0:57:05]} Kh8 {[%clk 1:09:18]} 17. Bxe6 {[%clk 0:55:17]} Nxe6
{[%clk 1:09:41]} 18. Nf3 {[%clk 0:53:23]} Bc5 {[%clk 1:02:08]} 19. Qe2
{[%clk 0:46:16]} Nd4 {[%clk 0:56:05]} 20. Nxd4 {[%clk 0:42:43]} exd4
{[%clk 0:55:11]} 21. Qf3 {[%clk 0:43:00]} Ng8 {[%clk 0:55:24]} 22. Bf4
{[%clk 0:43:24]} Qe7 {[%clk 0:55:39]} 23. Ne2 {[%clk 0:42:34]} Qxe4
{[%clk 0:55:46]} 24. Nxd4 {[%clk 0:42:42]} Bxd4 {[%clk 0:55:02]} 25. Qxe4
{[%clk 0:43:05]} Bxf2+ {[%clk 0:55:12]} 26. Kxf2 {[%clk 0:43:28]} Rxe4
{[%clk 0:55:38]} 27. Kf3 {[%clk 0:43:50]} Rae8 {[%clk 0:50:56]} 28. Rd7
{[%clk 0:41:36]} R8e7 {[%clk 0:50:55]} 29. Rad1 {[%clk 0:40:50]} Nf6
{[%clk 0:47:52]} 30. Rxe7 {[%clk 0:30:45]} Rxe7 {[%clk 0:48:17]} 31. Rd6
{[%clk 0:31:06]} Re6 {[%clk 0:48:29]} 32. Rd8+ {[%clk 0:31:27]} Kg7
{[%clk 0:48:24]} 33. Ra8 {[%clk 0:31:49]} Nd5 {[%clk 0:45:54]} 34. Bd2
{[%clk 0:29:32]} a5 {[%clk 0:40:36]} 35. c4 {[%clk 0:26:29]} Nf6 {[%clk 0:38:38]}
36. Bc3 {[%clk 0:25:10]} c5 {[%clk 0:38:58]} 37. g4 {[%clk 0:24:26]} g5
{[%clk 0:37:52]} 38. h4 {[%clk 0:24:16]} Kh6 {[%clk 0:34:34]} 39. h5
{[%clk 0:01:49]} Re4 {[%clk 0:33:22]} 40. Rb8 {[%clk 0:30:33]} Rf4+
{[%clk 1:03:06]} 41. Ke2 {[%clk 0:30:46]} Nxg4 42. Rxb6+ {[%clk 0:30:59]} Kxh5
{[%clk 1:03:28]} 43. b3 {[%clk 0:29:33]} Re4+ {[%clk 1:01:16]} 44. Kf1
{[%clk 0:24:43]} Ne3+ {[%clk 1:00:58]} 45. Kg1 {[%clk 0:25:06]} Rg4+
{[%clk 0:56:38]} 46. Kh1 {[%clk 0:24:47]} f5 {[%clk 0:56:35]} 47. Bxa5
{[%clk 0:24:39]} Rf4 {[%clk 0:55:35]} 48. Re6 {[%clk 0:20:24]} Rf1+
{[%clk 0:55:46]} 49. Kh2 {[%clk 0:20:49]} f4 {[%clk 0:56:12]} 50. Bc7
{[%clk 0:20:43]} Kg4 {[%clk 0:56:04]} 51. a5 {[%clk 0:20:36]} Kf3
{[%clk 0:56:24]} 0-1

[Event "World Chess Olympiad 2018"]
[Site "Batumi"]
[Date "2018.09.25"]
[Round "2"]
[Board "4"]
[WhiteFideId "1917617"]
[White "Sousa Andre Ventura"]
[BlackFideId "3600629"]
[Black "Munoz Sanchez Jhon"]
[Result "1-0"]
[LiveChessVersion "1.4.8"]
[BlackElo "2230"]
[WhiteElo "2365"]

1. e4 {[%clk 1:30:57]} e5 {[%clk 1:30:06]} 2. Nf3 {[%clk 1:31:23]} Nc6
{[%clk 1:30:19]} 3. Bb5 {[%clk 1:31:16]} a6 {[%clk 1:29:52]} 4. Ba4
{[%clk 1:31:41]} Nf6 {[%clk 1:30:01]} 5. O-O {[%clk 1:32:06]} Be7
{[%clk 1:29:39]} 6. Re1 {[%clk 1:32:29]} b5 {[%clk 1:30:00]} 7. Bb3
{[%clk 1:32:56]} O-O {[%clk 1:29:58]} 8. d4 {[%clk 1:33:21]} d6 {[%clk 1:28:32]}
9. c3 {[%clk 1:33:48]} Bg4 {[%clk 1:26:44]} 10. Be3 {[%clk 1:34:14]} Bh5
{[%clk 1:24:58]} 11. Nbd2 {[%clk 1:34:40]} d5 {[%clk 1:20:58]} 12. Bg5
{[%clk 1:26:31]} exd4 {[%clk 0:54:34]} 13. exd5 {[%clk 1:15:58]} dxc3
{[%clk 0:42:22]} 14. dxc6 {[%clk 1:12:26]} cxd2 {[%clk 0:41:44]} 15. Qxd2
{[%clk 1:03:17]} Qxd2 {[%clk 0:31:44]} 16. Nxd2 {[%clk 0:51:01]} Bd6
{[%clk 0:27:47]} 17. f4 {[%clk 0:33:52]} Bc5+ {[%clk 0:03:04]} 18. Kh1
{[%clk 0:34:18]} Bb4 {[%clk 0:01:34]} 19. f5 {[%clk 0:31:07]} Rad8
{[%clk 0:01:58]} 20. Bxf6 {[%clk 0:29:46]} gxf6 {[%clk 0:00:32]} 21. Ne4
{[%clk 0:28:02]} Bxe1 {[%clk 0:00:40]} 22. Nxf6+ {[%clk 0:17:31]} Kg7
{[%clk 0:01:09]} 23. Nxh5+ {[%clk 0:17:55]} Kh6 {[%clk 0:01:38]} 24. Nf6
{[%clk 0:18:15]} Bb4 {[%clk 0:00:40]} 25. a3 {[%clk 0:15:29]} Bd6
{[%clk 0:00:49]} 26. g4 {[%clk 0:13:05]} Kg7 {[%clk 0:00:44]} 27. g5
{[%clk 0:12:38]} h6 28. Nh5+ {[%clk 0:06:02]} Kh7 {[%clk 0:01:00]} 29. h4
{[%clk 0:05:53]} Be5 {[%clk 0:01:25]} 30. Re1 {[%clk 0:03:45]} Bxb2
{[%clk 0:01:09]} 31. Re7 {[%clk 0:03:02]} Bc3 {[%clk 0:00:31]} 32. Bxf7
{[%clk 0:03:03]} 1-0

[Event "World Chess Olympiad 2018"]
[Site "Batumi"]
[Date "2018.09.25"]
[Round "2"]
[Board "1"]
[WhiteFideId "9000240"]
[White "Tissir Mohamed"]
[BlackFideId "6800068"]
[Black "McTigue James"]
[Result "1-0"]
[LiveChessVersion "1.4.8"]
[BlackElo "2116"]
[WhiteElo "2388"]

1. e4 {[%clk 1:30:50]} e6 {[%clk 1:30:50]} 2. d4 {[%clk 1:29:01]} d5
{[%clk 1:31:10]} 3. Bd3 {[%clk 1:26:12]} dxe4 {[%clk 1:31:16]} 4. Bxe4
{[%clk 1:26:40]} Nf6 {[%clk 1:31:18]} 5. Bd3 {[%clk 1:27:07]} c5 {[%clk 1:31:17]}
6. dxc5 {[%clk 1:20:50]} Bxc5 {[%clk 1:30:47]} 7. Nf3 {[%clk 1:21:13]} Nc6
{[%clk 1:26:40]} 8. Qe2 {[%clk 1:18:44]} Qc7 {[%clk 1:16:41]} 9. O-O
{[%clk 1:16:06]} a6 {[%clk 1:14:18]} 10. c3 {[%clk 1:11:05]} b6 {[%clk 1:04:27]}
11. Nbd2 {[%clk 1:06:00]} b5 {[%clk 0:58:23]} 12. a4 {[%clk 0:55:53]} b4
{[%clk 0:51:33]} 13. Ne4 {[%clk 0:54:48]} Nxe4 {[%clk 0:49:58]} 14. Bxe4
{[%clk 0:55:15]} bxc3 {[%clk 0:48:00]} 15. Qc4 {[%clk 0:53:36]} Na5
{[%clk 0:25:39]} 16. Qxc3 {[%clk 0:53:39]} Rb8 {[%clk 0:25:29]} 17. Qxg7
{[%clk 0:50:43]} Rf8 {[%clk 0:22:42]} 18. Bh6 {[%clk 0:49:33]} Nb3
{[%clk 0:20:22]} 19. Rad1 {[%clk 0:49:51]} Bb7 {[%clk 0:20:11]} 20. Ng5
{[%clk 0:49:04]} 1-0

[Event "World Chess Olympiad 2018"]
[Site "Batumi"]
[Date "2018.09.25"]
[Round "2"]
[Board "2"]
[WhiteFideId "2402076"]
[White "Dempsey John"]
[BlackFideId "9000283"]
[Black "Onkoud Abdelaziz"]
[Result "0-1"]
[LiveChessVersion "1.4.8"]
[BlackElo "2315"]
[WhiteElo "1888"]

1. e4 {[%clk 1:30:51]} d6 {[%clk 1:30:51]} 2. Nf3 {[%clk 1:31:14]} Nf6
{[%clk 1:31:05]} 3. Nc3 {[%clk 1:31:22]} c6 {[%clk 1:30:15]} 4. d4
{[%clk 1:29:54]} Bg4 {[%clk 1:30:25]} 5. Bd3 {[%clk 1:25:55]} Nbd7
{[%clk 1:29:38]} 6. h3 {[%clk 1:23:53]} Bxf3 {[%clk 1:28:50]} 7. Qxf3
{[%clk 1:24:14]} e5 {[%clk 1:28:58]} 8. dxe5 {[%clk 1:20:37]} dxe5
{[%clk 1:28:30]} 9. O-O {[%clk 1:18:20]} Bb4 {[%clk 1:28:03]} 10. Ne2
{[%clk 1:18:31]} O-O {[%clk 1:25:05]} 11. Ng3 {[%clk 1:14:33]} Re8
{[%clk 1:24:49]} 12. Rd1 {[%clk 1:13:38]} Bf8 {[%clk 1:23:23]} 13. a4
{[%clk 1:04:21]} Qc7 {[%clk 1:18:14]} 14. Be3 {[%clk 0:56:40]} Nc5
{[%clk 1:10:31]} 15. Bg5 {[%clk 0:51:41]} Nxd3 {[%clk 1:04:50]} 16. Rxd3
{[%clk 0:50:04]} Nd7 {[%clk 1:02:45]} 17. Rad1 {[%clk 0:48:40]} Nc5
{[%clk 1:02:50]} 18. R3d2 {[%clk 0:48:40]} h6 {[%clk 0:50:04]} 19. Be3
{[%clk 0:44:03]} Rad8 {[%clk 0:50:05]} 20. Qg4 {[%clk 0:37:47]} Rxd2
{[%clk 0:46:18]} 21. Rxd2 {[%clk 0:38:07]} Re6 {[%clk 0:45:24]} 22. b3
{[%clk 0:34:05]} a5 {[%clk 0:41:12]} 23. Qd1 {[%clk 0:26:18]} Rd6
{[%clk 0:38:02]} 24. Rxd6 {[%clk 0:26:03]} Qxd6 {[%clk 0:38:07]} 25. Qxd6
{[%clk 0:24:39]} Bxd6 {[%clk 0:38:33]} 26. f3 {[%clk 0:24:58]} Ne6
{[%clk 0:37:47]} 27. Nf5 {[%clk 0:24:12]} Bb4 {[%clk 0:36:41]} 28. Kf1
{[%clk 0:24:06]} h5 {[%clk 0:36:08]} 29. Ke2 {[%clk 0:23:26]} g6 {[%clk 0:36:10]}
30. Ng3 {[%clk 0:23:36]} Kf8 {[%clk 0:36:00]} 31. Kd3 {[%clk 0:23:42]} Ke7
{[%clk 0:35:03]} 32. Ne2 {[%clk 0:23:29]} Kd6 {[%clk 0:33:38]} 33. Kc4
{[%clk 0:23:20]} Bc5 {[%clk 0:32:11]} 34. Bxc5+ {[%clk 0:23:25]} Nxc5
{[%clk 0:32:38]} 35. g3 {[%clk 0:18:52]} g5 {[%clk 0:28:42]} 36. g4
{[%clk 0:17:21]} h4 {[%clk 0:28:43]} 37. Nc1 {[%clk 0:16:38]} Ne6
{[%clk 0:28:32]} 38. Ne2 {[%clk 0:16:52]} Nc7 {[%clk 0:28:13]} 39. Nc3
{[%clk 0:16:51]} b6 {[%clk 0:28:25]} 40. b4 {[%clk 0:46:04]} axb4
{[%clk 0:45:41]} 41. Kxb4 {[%clk 0:46:20]} Na6+ {[%clk 0:46:04]} 42. Kc4
{[%clk 0:46:35]} Nc5 {[%clk 0:46:23]} 43. Kb4 {[%clk 0:46:41]} Ne6
{[%clk 0:45:24]} 44. Ne2 {[%clk 0:46:16]} Nd4 {[%clk 0:45:24]} 45. Nxd4
{[%clk 0:45:28]} exd4 {[%clk 0:45:42]} 46. Kc4 {[%clk 0:45:49]} c5
{[%clk 0:46:06]} 47. Kb5 {[%clk 0:46:01]} f6 {[%clk 0:46:30]} 48. a5
{[%clk 0:46:07]} bxa5 {[%clk 0:46:49]} 49. Kxa5 {[%clk 0:46:32]} Kc6
{[%clk 0:46:10]} 50. Ka4 {[%clk 0:46:55]} Kb6 {[%clk 0:46:14]} 51. Kb3
{[%clk 0:47:16]} Kb5 {[%clk 0:46:36]} 52. Kb2 {[%clk 0:47:36]} Kc4
{[%clk 0:45:16]} 53. f4 {[%clk 0:47:14]} gxf4 {[%clk 0:41:16]} 54. e5
{[%clk 0:47:36]} fxe5 {[%clk 0:41:22]} 55. g5 {[%clk 0:48:01]} Kd5
{[%clk 0:41:34]} 0-1

[Event "World Chess Olympiad 2018"]
[Site "Batumi"]
[Date "2018.09.25"]
[Round "2"]
[Board "1"]
[WhiteFideId "10100792"]
[White "Miguel Sergio"]
[BlackFideId "8400709"]
[Black "Gavarrete Nahun"]
[Result "1/2-1/2"]
[LiveChessVersion "1.4.8"]
[BlackElo "2249"]
[WhiteElo "2285"]

1. e4 {[%clk 1:30:34]} c6 {[%clk 1:30:18]} 2. d4 {[%clk 1:30:48]} d5
{[%clk 1:30:38]} 3. Nc3 {[%clk 1:31:07]} dxe4 {[%clk 1:30:57]} 4. Nxe4
{[%clk 1:31:35]} Bf5 {[%clk 1:31:17]} 5. Ng3 {[%clk 1:31:58]} Bg6
{[%clk 1:31:30]} 6. h4 {[%clk 1:32:12]} h6 {[%clk 1:31:47]} 7. Nf3
{[%clk 1:32:36]} Nd7 {[%clk 1:32:12]} 8. h5 {[%clk 1:32:48]} Bh7 {[%clk 1:32:32]}
9. Bd3 {[%clk 1:33:01]} Bxd3 {[%clk 1:32:52]} 10. Qxd3 {[%clk 1:33:28]} Ngf6
{[%clk 1:33:09]} 11. Bf4 {[%clk 1:33:05]} e6 {[%clk 1:33:17]} 12. O-O-O
{[%clk 1:32:55]} Be7 {[%clk 1:30:57]} 13. Kb1 {[%clk 1:31:34]} O-O
{[%clk 1:23:24]} 14. Ne4 {[%clk 1:28:57]} Nxe4 {[%clk 1:23:26]} 15. Qxe4
{[%clk 1:29:19]} Nf6 {[%clk 1:23:46]} 16. Qe2 {[%clk 1:29:39]} Qd5
{[%clk 1:22:21]} 17. Ne5 {[%clk 1:27:27]} Qe4 {[%clk 1:13:03]} 18. Qd2
{[%clk 1:21:06]} Nd5 {[%clk 1:08:15]} 19. Bh2 {[%clk 1:14:29]} Rad8
{[%clk 0:50:39]} 20. f3 {[%clk 1:06:13]} Qe3 {[%clk 0:49:06]} 21. c4
{[%clk 1:05:23]} Qxd2 {[%clk 0:39:25]} 22. Rxd2 {[%clk 1:05:46]} Bg5
{[%clk 0:38:33]} 23. Rd3 {[%clk 0:59:54]} Nf4 {[%clk 0:38:30]} 24. Bxf4
{[%clk 1:00:17]} Bxf4 {[%clk 0:38:54]} 25. Rhd1 {[%clk 1:00:30]} Rd6
{[%clk 0:35:43]} 26. Kc2 {[%clk 0:59:14]} Rfd8 {[%clk 0:36:04]} 27. Ng4
{[%clk 0:53:51]} Kf8 {[%clk 0:31:54]} 28. Nf2 {[%clk 0:52:45]} f5
{[%clk 0:27:59]} 29. Nh3 {[%clk 0:50:38]} Bg3 {[%clk 0:25:33]} 30. f4
{[%clk 0:43:35]} Bh4 {[%clk 0:25:11]} 31. Ng1 {[%clk 0:43:44]} Bf2
{[%clk 0:22:34]} 32. Nf3 {[%clk 0:43:54]} Kg8 {[%clk 0:20:26]} 33. b4
{[%clk 0:29:42]} Bg3 {[%clk 0:17:54]} 34. d5 {[%clk 0:29:13]} cxd5
{[%clk 0:15:19]} 35. c5 {[%clk 0:29:14]} Ra6 {[%clk 0:14:17]} 36. Nd4
{[%clk 0:28:29]} Bxf4 {[%clk 0:05:55]} 37. b5 {[%clk 0:28:13]} Rxa2+
{[%clk 0:03:45]} 38. Kb3 {[%clk 0:28:30]} Rf2 {[%clk 0:03:57]} 39. Nxe6
{[%clk 0:27:47]} Re8 {[%clk 0:04:14]} 40. Nxf4 {[%clk 0:57:48]} Rxf4
{[%clk 0:34:43]} 41. Rxd5 {[%clk 0:58:03]} Ree4 {[%clk 0:34:55]} 42. Rd8+
{[%clk 0:53:13]} Kh7 {[%clk 0:35:18]} 43. Rb8 {[%clk 0:50:12]} Re3+
{[%clk 0:21:12]} 44. Kc2 {[%clk 0:47:03]} Rf2+ {[%clk 0:20:32]} 45. Rd2
{[%clk 0:40:37]} Rxd2+ {[%clk 0:19:26]} 46. Kxd2 {[%clk 0:41:05]} Re5
{[%clk 0:18:59]} 47. Rxb7 {[%clk 0:34:35]} Rxc5 {[%clk 0:19:21]} 48. Rxa7
{[%clk 0:34:58]} Rxb5 {[%clk 0:19:23]} 49. Ke2 {[%clk 0:34:15]} Rb4
{[%clk 0:19:33]} 50. Rf7 {[%clk 0:27:47]} Rg4 {[%clk 0:19:54]} 51. Rxf5
{[%clk 0:27:23]} Rxg2+ {[%clk 0:20:11]} 52. Kf3 {[%clk 0:26:56]} Rg1
{[%clk 0:16:29]} 53. Kf2 {[%clk 0:26:20]} Ra1 {[%clk 0:15:04]} 54. Kg3
{[%clk 0:25:44]} Kg8 {[%clk 0:13:54]} 55. Kh4 {[%clk 0:22:05]} Ra6
{[%clk 0:12:42]} 56. Kg4 {[%clk 0:22:01]} Rf6 {[%clk 0:12:43]} 57. Ra5
{[%clk 0:21:18]} Rd6 {[%clk 0:11:44]} 58. Rf5 {[%clk 0:21:20]} Rd7
{[%clk 0:11:17]} 59. Kf4 {[%clk 0:19:07]} Rd6 {[%clk 0:08:41]} 60. Kg4
{[%clk 0:18:20]} Rb6 {[%clk 0:08:14]} 61. Rf4 {[%clk 0:16:23]} Rb7
{[%clk 0:08:30]} 62. Rf5 {[%clk 0:16:23]} Kh7 {[%clk 0:08:51]} 63. Rf8
{[%clk 0:16:15]} g6 {[%clk 0:08:07]} 64. hxg6+ {[%clk 0:16:27]} Kxg6
{[%clk 0:08:34]} 65. Rg8+ {[%clk 0:16:43]} Kh7 {[%clk 0:08:50]} 66. Ra8
{[%clk 0:16:57]} 1/2-1/2